000
00291nam a22001337a 4500
008
181023b xxu||||| |||| 00| 0 eng d
020
_a
9780534188764
041
_a
eng
080
_a
510
100
_a
37
101
_a
MAT
245
_a
Conquering Math Anxiety
_c
Arem.C
942
_2
udc
_c
BK
999
_c
50667
_d
50667